[Event "Eliminacje_Strefowe_OP_SL_2024_C13"]
[Site "?"]
[Date "2024.09.09"]
[Round "1.1"]
[White "Musial, Bartosz"]
[Black "Staniczek, Kacper"]
[Result "1/2-1/2"]
[BlackElo "1897"]
[WhiteElo "1508"]
[LiveChessVersion "1.4.8"]

1. e4 {[%clk 1:30:59]} e5 {[%clk 1:30:54]} 2. Nf3 {[%clk 1:31:26]} Nc6
{[%clk 1:31:21]} 3. Bc4 {[%clk 1:31:48]} Nf6 {[%clk 1:31:46]} 4. d3
{[%clk 1:32:13]} Bc5 {[%clk 1:32:11]} 5. c3 {[%clk 1:32:34]} a6 {[%clk 1:32:14]}
6. Bb3 {[%clk 1:32:49]} d6 {[%clk 1:32:25]} 7. h3 {[%clk 1:33:04]} Ba7
{[%clk 1:32:43]} 8. Nbd2 {[%clk 1:33:17]} O-O {[%clk 1:32:56]} 9. Nf1
{[%clk 1:33:44]} Ne7 {[%clk 1:32:39]} 10. Ng3 {[%clk 1:30:01]} Ng6
{[%clk 1:32:46]} 11. O-O {[%clk 1:27:10]} h6 {[%clk 1:31:26]} 12. Re1
{[%clk 1:23:14]} Re8 {[%clk 1:30:36]} 13. d4 {[%clk 1:21:22]} Bd7
{[%clk 1:18:34]} 14. Qc2 {[%clk 1:18:27]} Bc6 {[%clk 1:13:31]} 15. Be3
{[%clk 0:59:27]} Qc8 {[%clk 1:00:48]} 16. dxe5 {[%clk 0:53:55]} Nxe5
{[%clk 0:57:07]} 17. Nxe5 {[%clk 0:53:08]} dxe5 {[%clk 0:40:21]} 18. Bxa7
{[%clk 0:50:58]} Rxa7 {[%clk 0:40:47]} 19. Rad1 {[%clk 0:50:43]} b5
{[%clk 0:35:59]} 20. c4 {[%clk 0:49:49]} b4 {[%clk 0:34:42]} 21. f3
{[%clk 0:44:01]} Bd7 {[%clk 0:27:39]} 22. Nf1 {[%clk 0:39:36]} Be6
{[%clk 0:20:47]} 23. Ne3 {[%clk 0:38:56]} c6 {[%clk 0:20:10]} 24. c5
{[%clk 0:35:43]} Nh5 {[%clk 0:13:24]} 25. Bxe6 {[%clk 0:34:27]} Rxe6
{[%clk 0:11:42]} 26. Nc4 {[%clk 0:32:12]} Nf4 {[%clk 0:10:07]} 27. Rd6
{[%clk 0:29:08]} Qc7 {[%clk 0:08:51]} 28. Qa4 {[%clk 0:27:28]} a5
{[%clk 0:06:51]} 29. Kh2 {[%clk 0:23:05]} Ra6 {[%clk 0:02:37]} 30. Red1
{[%clk 0:20:11]} Qe7 {[%clk 0:02:45]} 31. R1d2 {[%clk 0:12:47]} Qh4
{[%clk 0:02:23]} 32. Qd1 {[%clk 0:07:21]} Ra7 {[%clk 0:02:02]} 33. Rxe6
{[%clk 0:06:53]} Nxe6 {[%clk 0:02:24]} 34. Qg1 {[%clk 0:05:26]} Qf4+
{[%clk 0:02:15]} 35. Kh1 {[%clk 0:05:47]} Nd4 {[%clk 0:02:25]} 36. Qh2
{[%clk 0:03:14]} Qxh2+ {[%clk 0:02:05]} 37. Kxh2 {[%clk 0:03:39]} f6
{[%clk 0:02:32]} 38. f4 {[%clk 0:03:42]} Re7 {[%clk 0:02:21]} 39. fxe5
{[%clk 0:03:57]} fxe5 {[%clk 0:02:47]} 40. Nxa5 {[%clk 0:03:51]} Ra7
{[%clk 0:02:32]} 41. Nc4 {[%clk 0:04:06]} Rxa2 {[%clk 0:02:49]} 42. Nxe5
{[%clk 0:04:29]} Ne6 {[%clk 0:02:48]} 43. Nxc6 {[%clk 0:04:19]} Nxc5
{[%clk 0:03:15]} 44. Nxb4 {[%clk 0:04:28]} Ra4 {[%clk 0:03:34]} 45. Rd4
{[%clk 0:03:58]} Kf7 {[%clk 0:03:30]} 46. Nc6 {[%clk 0:03:06]} Ra6
{[%clk 0:03:26]} 47. Ne5+ {[%clk 0:03:18]} Ke6 {[%clk 0:03:36]} 48. Nf3
{[%clk 0:03:44]} Rb6 {[%clk 0:03:53]} 49. Rd5 {[%clk 0:03:24]} Na4
{[%clk 0:02:45]} 50. Nd4+ {[%clk 0:03:02]} Kf7 {[%clk 0:02:53]} 51. Rd7+
{[%clk 0:02:37]} Kf6 {[%clk 0:02:47]} 52. b3 {[%clk 0:02:32]} Nc5
{[%clk 0:03:02]} 53. Rc7 {[%clk 0:02:39]} Nxb3 {[%clk 0:03:01]} 54. Nxb3
{[%clk 0:02:58]} Rxb3 {[%clk 0:03:26]} 55. Rc5 {[%clk 0:02:59]} Re3
{[%clk 0:03:42]} 56. Rc6+ {[%clk 0:02:21]} Kg5 {[%clk 0:02:40]} 57. Re6
{[%clk 0:02:18]} h5 {[%clk 0:01:38]} 58. Re5+ {[%clk 0:02:27]} Kf6
{[%clk 0:01:36]} 59. Rxh5 {[%clk 0:02:49]} Rxe4 {[%clk 0:02:02]} 60. Kg3
{[%clk 0:02:28]} Ra4 {[%clk 0:02:03]} 61. Rb5 {[%clk 0:02:30]} Ra3+
{[%clk 0:02:18]} 1/2-1/2

[Event "Eliminacje_Strefowe_OP_SL_2024_C13"]
[Site "?"]
[Date "2024.09.09"]
[Round "1.2"]
[White "Smolinski, Wojciech"]
[Black "Karnowka, Kacper"]
[Result "1-0"]
[BlackElo "1507"]
[WhiteElo "1887"]
[LiveChessVersion "1.4.8"]

1. e4 {[%clk 1:30:52]} c5 {[%clk 1:30:57]} 2. Nf3 {[%clk 1:31:14]} d6
{[%clk 1:31:22]} 3. d4 {[%clk 1:31:40]} cxd4 {[%clk 1:31:45]} 4. Nxd4
{[%clk 1:32:03]} Nf6 {[%clk 1:32:11]} 5. Nc3 {[%clk 1:32:24]} g6 {[%clk 1:32:27]}
6. Be3 {[%clk 1:32:48]} Bg7 {[%clk 1:32:46]} 7. f3 {[%clk 1:33:07]} O-O
{[%clk 1:32:57]} 8. Qd2 {[%clk 1:33:29]} Nc6 {[%clk 1:33:17]} 9. g4
{[%clk 1:33:33]} d5 {[%clk 1:25:31]} 10. g5 {[%clk 1:32:19]} Nh5 {[%clk 1:23:56]}
11. exd5 {[%clk 1:25:22]} Nb4 {[%clk 1:18:45]} 12. Bc4 {[%clk 1:17:44]} Nf4
{[%clk 0:59:47]} 13. Bxf4 {[%clk 1:11:56]} Bxd4 {[%clk 1:00:02]} 14. O-O-O
{[%clk 1:11:12]} Bg7 15. d6 e5 16. Be3 Bd7 17. h4 Rc8 18. Bb3 a5 19. h5 Bf5 20.
a3 a4 21. Bxa4 b5 22. Bb3 Qa5 23. Ne4 Nc6 24. hxg6 Bxg6 25. d7 Rcd8 26. Qxa5 Nxa5
27. Bb6 Nb7 28. Bxd8 Rxd8 29. Rd5 Bf5 30. Rhd1 1-0

[Event "Eliminacje_Strefowe_OP_SL_2024_C13"]
[Site "?"]
[Date "2024.09.09"]
[Round "1.3"]
[White "Kowalik, Igor"]
[Black "Rajbharath, Harjith"]
[Result "0-1"]
[BlackElo "1813"]
[WhiteElo "1501"]
[LiveChessVersion "1.4.8"]

1. e4 {[%clk 1:30:55]} e6 {[%clk 1:30:53]} 2. d4 {[%clk 1:31:18]} d5
{[%clk 1:31:18]} 3. exd5 {[%clk 1:31:41]} exd5 {[%clk 1:31:43]} 4. Nf3
{[%clk 1:31:18]} Bd6 {[%clk 1:32:06]} 5. Bd3 {[%clk 1:31:13]} Ne7
{[%clk 1:32:10]} 6. Nc3 {[%clk 1:30:19]} c6 {[%clk 1:28:26]} 7. Bd2
{[%clk 1:21:51]} h6 {[%clk 1:26:41]} 8. h3 {[%clk 1:20:42]} O-O {[%clk 1:24:59]}
9. Qe2 {[%clk 1:14:09]} Re8 {[%clk 1:22:10]} 10. O-O-O {[%clk 1:13:47]} Nf5
{[%clk 1:16:44]} 11. Qf1 {[%clk 1:12:59]} Qf6 {[%clk 1:14:29]} 12. g4
{[%clk 1:11:06]} Ne7 {[%clk 1:00:18]} 13. Qg2 {[%clk 1:08:06]} Ng6
{[%clk 0:58:11]} 14. g5 {[%clk 1:07:01]} hxg5 {[%clk 0:58:02]} 15. Bxg5 Bf4+ 16.
Bxf4 Nxf4 17. Qg3 Nxd3+ 18. Rxd3 Bf5 19. Rd2 Nd7 20. Rg1 Re7 21. Nh4 Bh7 22. Nd1
Re4 23. Nf3 Bg6 24. c3 Qf5 25. Nh4 Rxh4 26. Rd3 Qxd3 27. Qxd3 Bxd3 0-1

[Event "Eliminacje_Strefowe_OP_SL_2024_C13"]
[Site "?"]
[Date "2024.09.09"]
[Round "1.4"]
[White "Pawleta, Mateusz"]
[Black "Zaglowek, Blazej"]
[Result "1-0"]
[BlackElo "1499"]
[WhiteElo "1767"]
[LiveChessVersion "1.4.8"]

1. d4 {[%clk 1:30:53]} Nf6 {[%clk 1:30:52]} 2. Nf3 {[%clk 1:31:14]} d5
{[%clk 1:31:12]} 3. Nbd2 {[%clk 1:29:09]} Bf5 {[%clk 1:25:55]} 4. e3
{[%clk 1:28:21]} e6 {[%clk 1:24:37]} 5. c4 {[%clk 1:26:40]} c6 {[%clk 1:23:21]}
6. Be2 {[%clk 1:19:56]} h6 {[%clk 1:19:05]} 7. O-O {[%clk 1:19:47]} Nbd7
{[%clk 1:17:44]} 8. a3 {[%clk 1:16:19]} a5 {[%clk 1:12:02]} 9. b3
{[%clk 1:04:44]} b6 {[%clk 1:06:07]} 10. Bb2 {[%clk 1:04:37]} Bd6
{[%clk 1:06:03]} 11. Ne5 Bxe5 12. dxe5 Ne4 13. Nf3 Rc8 14. Rc1 O-O 15. cxd5 cxd5
16. Nd4 Qg5 17. f4 Qe7 18. Nxf5 exf5 19. Bb5 Rfd8 20. Rxc8 Rxc8 21. Qxd5 Rc2 22.
Bxd7 Rxb2 23. Bxf5 Nf6 24. exf6 Qxe3+ 25. Kh1 gxf6 26. Qf3 Qxb3 27. Qxb3 Rxb3 28.
a4 b5 29. axb5 Rxb5 30. Bg4 a4 31. g3 a3 32. Ra1 Rb3 33. Ra2 Kf8 34. Kg2 Ke7 35.
Kf2 Kd6 36. Ke2 Kc5 37. Kd2 Kb4 38. Bh5 Rb1 39. Bd1 Rb3 40. Bxb3 Kxb3 41. Ra1 Kb2
42. Re1 a2 43. Ke3 a1=Q 44. Rxa1 Kxa1 45. Ke4 1-0

[Event "Eliminacje_Strefowe_OP_SL_2024_C13"]
[Site "?"]
[Date "2024.09.09"]
[Round "1.5"]
[White "Klepacz, Jakub"]
[Black "Czeremcha, Piotr"]
[Result "0-1"]
[BlackElo "1762"]
[WhiteElo "1496"]
[LiveChessVersion "1.4.8"]

1. e4 {[%clk 1:30:57]} c6 {[%clk 1:30:49]} 2. d4 {[%clk 1:31:22]} d5
{[%clk 1:31:15]} 3. exd5 {[%clk 1:31:47]} cxd5 {[%clk 1:31:39]} 4. Bd3
{[%clk 1:32:10]} Nc6 {[%clk 1:32:04]} 5. c3 {[%clk 1:32:35]} Nf6 {[%clk 1:32:28]}
6. Bf4 {[%clk 1:33:00]} Bg4 {[%clk 1:32:44]} 7. Qb3 {[%clk 1:33:24]} Qd7
{[%clk 1:33:06]} 8. Nd2 {[%clk 1:33:41]} e6 {[%clk 1:33:28]} 9. Ngf3
{[%clk 1:34:05]} Bd6 {[%clk 1:33:48]} 10. Bxd6 {[%clk 1:34:29]} Qxd6
{[%clk 1:34:11]} 11. O-O {[%clk 1:34:39]} O-O {[%clk 1:34:31]} 12. Rae1
{[%clk 1:34:37]} Nd7 {[%clk 1:32:03]} 13. Qc2 {[%clk 1:30:40]} h6
{[%clk 1:31:11]} 14. h3 {[%clk 1:30:12]} Bxf3 {[%clk 1:31:25]} 15. Nxf3
{[%clk 1:30:34]} Rab8 {[%clk 1:31:24]} 16. Qe2 {[%clk 1:27:37]} a6
{[%clk 1:23:15]} 17. Ne5 {[%clk 1:26:49]} Ndxe5 {[%clk 1:10:22]} 18. dxe5
{[%clk 1:27:12]} Qc5 {[%clk 1:10:21]} 19. Qg4 {[%clk 1:26:19]} Rbd8
{[%clk 1:04:18]} 20. Re3 {[%clk 1:23:38]} d4 {[%clk 1:01:53]} 21. Rg3
{[%clk 1:19:13]} Qxe5 {[%clk 1:01:08]} 22. f4 {[%clk 1:19:28]} Qf6
{[%clk 1:00:50]} 23. Qh5 {[%clk 1:17:32]} Rd5 {[%clk 0:59:41]} 24. f5
{[%clk 1:15:08]} dxc3 25. bxc3 Rfd8 26. Bc2 Ne7 27. Rgf3 exf5 28. Bxf5 g6 29. Be4
Qb6+ 0-1

[Event "Eliminacje_Strefowe_OP_SL_2024_C13"]
[Site "?"]
[Date "2024.09.09"]
[Round "1.6"]
[White "Seemann, Adam"]
[Black "Furas, Pawel"]
[Result "1-0"]
[BlackElo "1470"]
[WhiteElo "1731"]
[LiveChessVersion "1.4.8"]

1. e4 {[%clk 1:30:58]} c5 {[%clk 1:30:54]} 2. Nf3 {[%clk 1:31:23]} d6
{[%clk 1:31:18]} 3. d4 {[%clk 1:31:47]} cxd4 {[%clk 1:31:43]} 4. Nxd4
{[%clk 1:32:09]} Nf6 {[%clk 1:32:08]} 5. Nc3 {[%clk 1:32:30]} g6 {[%clk 1:32:33]}
6. Be3 {[%clk 1:32:55]} Bg7 {[%clk 1:32:51]} 7. f3 {[%clk 1:33:19]} O-O
{[%clk 1:33:10]} 8. Qd2 {[%clk 1:33:41]} Nc6 {[%clk 1:33:25]} 9. g4
{[%clk 1:34:04]} Nxd4 {[%clk 1:26:21]} 10. Bxd4 {[%clk 1:34:14]} Be6
{[%clk 1:22:36]} 11. h4 {[%clk 1:33:14]} Nd7 {[%clk 1:19:06]} 12. Bxg7
{[%clk 1:26:11]} Kxg7 {[%clk 1:19:22]} 13. h5 {[%clk 1:22:20]} Ne5
{[%clk 1:17:38]} 14. Be2 {[%clk 1:17:34]} f6 {[%clk 1:16:20]} 15. hxg6
{[%clk 1:07:44]} hxg6 {[%clk 1:15:40]} 16. Qh6+ {[%clk 1:06:58]} Kf7
{[%clk 1:15:41]} 17. f4 {[%clk 1:06:41]} Nxg4 {[%clk 1:15:05]} 18. Qh7+
{[%clk 1:06:09]} Ke8 {[%clk 1:15:18]} 19. Bxg4 {[%clk 1:05:47]} Bxg4
{[%clk 1:14:50]} 20. Qxg6+ {[%clk 1:05:41]} Kd7 {[%clk 1:15:20]} 21. Qxg4+
{[%clk 1:05:49]} 1-0

[Event "Eliminacje_Strefowe_OP_SL_2024_C13"]
[Site "?"]
[Date "2024.09.09"]
[Round "1.7"]
[White "Myslowski, Tomasz"]
[Black "Kaluza, Jakub"]
[Result "1-0"]
[BlackElo "1655"]
[WhiteElo "1457"]
[LiveChessVersion "1.4.8"]

1. e4 {[%clk 1:30:59]} e5 {[%clk 1:30:53]} 2. Nf3 {[%clk 1:31:24]} Nc6
{[%clk 1:31:17]} 3. Bb5 {[%clk 1:31:40]} Bc5 {[%clk 1:31:22]} 4. O-O
{[%clk 1:31:45]} Nd4 {[%clk 1:30:16]} 5. Nxd4 {[%clk 1:28:42]} Bxd4
{[%clk 1:30:10]} 6. c3 {[%clk 1:27:14]} Bb6 {[%clk 1:28:16]} 7. Qf3
{[%clk 1:23:34]} Ne7 {[%clk 1:24:27]} 8. d3 {[%clk 1:18:50]} O-O {[%clk 1:22:54]}
9. Qg3 {[%clk 1:05:40]} Ng6 {[%clk 1:20:39]} 10. Bc4 {[%clk 1:03:19]} d6
{[%clk 1:19:12]} 11. Be3 {[%clk 1:02:45]} Kh8 {[%clk 1:17:19]} 12. Bxb6
{[%clk 0:52:53]} axb6 {[%clk 1:13:58]} 13. Nd2 Nf4 14. Qf3 Qg5 15. Kh1 Nxg2 16.
Rg1 Qxd2 17. Rxg2 f5 18. Rag1 Qh6 19. Rxg7 Qxg7 20. Rxg7 Kxg7 21. exf5 Kh8 22. f6
Bd7 23. Qxb7 Rac8 24. Qf3 b5 25. Bb3 c5 26. Bd5 b4 27. f7 bxc3 28. Qf6# 1-0

[Event "Eliminacje_Strefowe_OP_SL_2024_C13"]
[Site "?"]
[Date "2024.09.09"]
[Round "1.8"]
[White "Plowy, Karol"]
[Black "Rozycki, Tymoteusz"]
[Result "1/2-1/2"]
[BlackElo "1457"]
[WhiteElo "1638"]
[LiveChessVersion "1.4.8"]

1. e4 {[%clk 1:30:57]} e6 {[%clk 1:30:54]} 2. d3 {[%clk 1:31:21]} d5
{[%clk 1:31:12]} 3. Nd2 {[%clk 1:31:42]} Nc6 {[%clk 1:31:15]} 4. g3
{[%clk 1:31:14]} Nf6 {[%clk 1:30:44]} 5. Bg2 {[%clk 1:31:15]} Be7
{[%clk 1:30:11]} 6. Ngf3 {[%clk 1:30:56]} dxe4 {[%clk 1:28:10]} 7. dxe4
{[%clk 1:29:53]} e5 {[%clk 1:28:23]} 8. O-O {[%clk 1:24:17]} O-O {[%clk 1:25:09]}
9. Qe2 {[%clk 1:11:35]} h6 {[%clk 1:19:30]} 10. Nc4 {[%clk 0:59:52]} Bd6
{[%clk 1:14:43]} 11. Rd1 {[%clk 0:53:34]} Qe7 {[%clk 1:13:22]} 12. Nxd6 cxd6
{[%clk 1:13:22]} 13. b3 Bg4 {[%clk 1:13:22]} 14. Ba3 Rfd8 {[%clk 1:13:22]} 15.
Qd3 Ne8 {[%clk 1:13:22]} 16. h3 Bxf3 {[%clk 1:13:22]} 17. Qxf3 Nd4
{[%clk 1:13:22]} 18. Qd3 Ne6 {[%clk 1:13:22]} 19. Rd2 Rd7 {[%clk 1:13:22]} 20.
Rad1 Rad8 {[%clk 1:13:22]} 21. h4 b6 {[%clk 1:13:22]} 22. Bh3 g6 {[%clk 1:13:22]}
23. Qe3 Kg7 {[%clk 1:13:22]} 24. Bb2 f6 {[%clk 1:13:22]} 25. Qe2 h5
{[%clk 1:13:22]} 26. Qc4 Kf7 {[%clk 1:13:22]} 27. Ba3 Rc7 {[%clk 1:13:22]} 28.
Qd5 Rcd7 {[%clk 1:13:22]} 29. Qc4 Rc7 {[%clk 1:13:22]} 30. Qd5 Rcd7
{[%clk 1:13:22]} 31. f4 N8c7 {[%clk 1:13:22]} 32. Bxe6+ Qxe6 {[%clk 1:13:22]} 33.
Qxe6+ Kxe6 {[%clk 1:13:22]} 34. c4 a6 {[%clk 1:13:22]} 35. Kf2 f5
{[%clk 1:13:22]} 36. Ke3 Ne8 {[%clk 1:13:22]} 37. Bb2 Nf6 {[%clk 1:13:22]} 38.
exf5+ gxf5 {[%clk 1:13:22]} 39. fxe5 dxe5 {[%clk 1:13:22]} 40. Rxd7 Rxd7
{[%clk 1:13:22]} 41. Rxd7 Nxd7 {[%clk 1:13:22]} 42. b4 e4 {[%clk 1:13:22]} 43.
Bd4 Ne5 {[%clk 1:13:22]} 44. c5 bxc5 {[%clk 1:13:22]} 45. Bxc5 Nd3
{[%clk 1:13:22]} 46. Bf8 Kf7 {[%clk 1:13:22]} 47. Bd6 Ke6 {[%clk 1:13:22]}
1/2-1/2

[Event "Eliminacje_Strefowe_OP_SL_2024_C13"]
[Site "?"]
[Date "2024.09.09"]
[Round "1.9"]
[White "Kieca, Szymon"]
[Black "Reterski, Wiktor"]
[Result "0-1"]
[BlackElo "1621"]
[WhiteElo "1436"]
[LiveChessVersion "1.4.8"]

1. e4 {[%clk 1:30:58]} d5 {[%clk 1:30:54]} 2. exd5 {[%clk 1:31:19]} Nf6
{[%clk 1:31:20]} 3. Nf3 {[%clk 1:31:22]} Nxd5 {[%clk 1:29:40]} 4. d4
{[%clk 1:31:05]} Bg4 {[%clk 1:29:02]} 5. Be2 {[%clk 1:30:47]} e6 {[%clk 1:28:43]}
6. O-O {[%clk 1:27:26]} Be7 {[%clk 1:28:11]} 7. c4 {[%clk 1:24:11]} Nb6
{[%clk 1:27:56]} 8. Be3 {[%clk 1:22:52]} c6 {[%clk 1:26:06]} 9. Qb3
{[%clk 1:19:27]} Qc8 {[%clk 1:11:44]} 10. Nc3 {[%clk 1:16:43]} N8d7
{[%clk 1:03:35]} 11. Rac1 {[%clk 1:12:54]} O-O {[%clk 0:51:45]} 12. Rfe1 c5 13.
Ne4 f5 14. Nxc5 Nxc5 15. dxc5 Nd7 16. Ng5 Bxe2 17. Rxe2 f4 18. Nxe6 fxe3 19. Nxf8
exf2+ 20. Kxf2 Bxc5+ 21. Ke1 Nxf8 22. Qf3 Qc7 23. a3 Rd8 24. g3 a5 25. Rd1 Bd6
26. Qb3 Qc5 27. Qf3 Qg1+ 28. Qf1 Bxg3+ 29. hxg3 Rxd1+ 30. Kxd1 Qxf1+ 31. Kd2 Nd7
32. Kd3 Nc5+ 33. Ke3 Qc1+ 34. Kf2 Nd3+ 35. Kf3 Kf7 36. b4 axb4 37. c5 Qxc5 38. g4
bxa3 39. g5 Qf5+ 40. Kg3 Qf4+ 41. Kg2 Qg4+ 42. Kh2 Qxe2+ 43. Kh3 Qf3+ 44. Kh2 Nf4
45. g6+ Kf6 46. gxh7 Qg2# 0-1

[Event "Eliminacje_Strefowe_OP_SL_2024_C13"]
[Site "?"]
[Date "2024.09.09"]
[Round "1.10"]
[White "Biela, Jan"]
[Black "Furas, Piotr"]
[Result "1-0"]
[BlackElo "1406"]
[WhiteElo "1561"]
[LiveChessVersion "1.4.8"]

1. d4 {[%clk 1:30:59]} Nf6 2. c4 {[%clk 1:31:21]} e6 {[%clk 1:30:30]} 3. Nf3
{[%clk 1:31:27]} b6 {[%clk 1:26:01]} 4. g3 {[%clk 1:31:17]} Bb7 {[%clk 1:25:35]}
5. Bg2 {[%clk 1:31:39]} Be7 {[%clk 1:25:02]} 6. O-O {[%clk 1:31:46]} O-O
{[%clk 1:24:52]} 7. Nc3 {[%clk 1:32:01]} d5 {[%clk 1:24:35]} 8. Ne5
{[%clk 1:30:51]} Nbd7 {[%clk 1:21:50]} 9. cxd5 {[%clk 1:29:47]} exd5
{[%clk 1:21:52]} 10. Qa4 {[%clk 1:28:50]} Nxe5 {[%clk 1:18:01]} 11. dxe5
{[%clk 1:29:13]} Ne8 {[%clk 1:15:35]} 12. Rd1 {[%clk 1:24:56]} c6
{[%clk 1:15:48]} 13. e4 {[%clk 1:24:51]} Nc7 {[%clk 1:14:31]} 14. exd5
{[%clk 1:25:11]} cxd5 {[%clk 1:14:41]} 15. Qb3 {[%clk 1:25:34]} Qd7
{[%clk 1:12:48]} 16. Nxd5 {[%clk 1:24:51]} Nxd5 {[%clk 1:12:38]} 17. Bxd5 Bxd5
18. Qxd5 Qa4 19. Qf3 Rfd8 20. Be3 Rac8 21. b3 Qb5 22. Qb7 Qxe5 23. Qxa7 Bc5 24.
Bxc5 Qxc5 25. Rd7 Qe5 26. Rad1 Rxd7 27. Qxd7 Re8 28. Qd4 Qe2 29. Rd2 Qe1+ 30. Kg2
Qc1 31. Qa4 Qe1 32. Rd6 h6 33. Rxb6 Re2 34. Qf4 Re8 35. Rb8 1-0

[Event "Eliminacje_Strefowe_OP_SL_2024_C13"]
[Site "?"]
[Date "2024.09.10"]
[Round "2.1"]
[White "Seemann, Adam"]
[Black "Smolinski, Wojciech"]
[Result "1/2-1/2"]
[BlackElo "1887"]
[WhiteElo "1731"]
[LiveChessVersion "1.4.8"]

1. e4 {[%clk 1:30:58]} c5 {[%clk 1:29:46]} 2. Nf3 {[%clk 1:31:18]} Nc6
{[%clk 1:30:10]} 3. d4 {[%clk 1:31:41]} cxd4 {[%clk 1:30:33]} 4. Nxd4
{[%clk 1:32:05]} g6 {[%clk 1:30:42]} 5. Nc3 {[%clk 1:32:13]} Bg7 {[%clk 1:31:03]}
6. Be3 {[%clk 1:32:34]} Nf6 {[%clk 1:31:15]} 7. Nxc6 {[%clk 1:32:39]} bxc6
{[%clk 1:31:21]} 8. e5 {[%clk 1:32:57]} Ng8 {[%clk 1:31:43]} 9. Bd4
{[%clk 1:33:20]} Nh6 {[%clk 1:27:53]} 10. e6 {[%clk 1:32:27]} O-O
{[%clk 1:14:27]} 11. Bxg7 {[%clk 1:17:58]} Kxg7 {[%clk 1:14:47]} 12. Qd4+
{[%clk 1:17:46]} f6 {[%clk 1:05:35]} 13. exd7 {[%clk 1:15:19]} Qxd7
{[%clk 1:05:16]} 14. Qxd7 {[%clk 1:12:49]} Bxd7 {[%clk 1:05:34]} 15. Bd3
{[%clk 1:07:11]} Nf7 {[%clk 0:53:57]} 16. O-O {[%clk 1:00:10]} Ne5
{[%clk 0:50:18]} 17. Rfe1 {[%clk 0:59:24]} Rfe8 {[%clk 0:48:53]} 18. Be4
{[%clk 0:49:34]} Nc4 {[%clk 0:32:02]} 19. b3 {[%clk 0:47:18]} Nd6
{[%clk 0:31:58]} 20. Bf3 {[%clk 0:40:20]} Rad8 {[%clk 0:26:56]} 21. Rad1
{[%clk 0:35:44]} Kf8 {[%clk 0:17:27]} 22. Na4 {[%clk 0:29:19]} Rc8
{[%clk 0:16:55]} 23. Nc5 {[%clk 0:26:40]} Bf5 {[%clk 0:15:44]} 24. Ne6+
{[%clk 0:25:25]} Kf7 {[%clk 0:15:19]} 25. Nd4 {[%clk 0:25:15]} c5
{[%clk 0:11:55]} 26. Nxf5 {[%clk 0:18:59]} Nxf5 {[%clk 0:12:13]} 27. Bd5+
{[%clk 0:18:55]} e6 {[%clk 0:10:02]} 28. Bc4 {[%clk 0:19:02]} Re7
{[%clk 0:05:06]} 29. Rd7 {[%clk 0:15:05]} Ng7 {[%clk 0:03:08]} 30. Rd6
{[%clk 0:13:52]} Rcc7 {[%clk 0:02:35]} 31. Kf1 {[%clk 0:06:32]} Re8
{[%clk 0:00:47]} 32. c3 {[%clk 0:04:47]} 1/2-1/2

[Event "Eliminacje_Strefowe_OP_SL_2024_C13"]
[Site "?"]
[Date "2024.09.10"]
[Round "2.2"]
[White "Rajbharath, Harjith"]
[Black "Biela, Jan"]
[Result "1-0"]
[BlackElo "1561"]
[WhiteElo "1813"]
[LiveChessVersion "1.4.8"]

1. d4 {[%clk 1:30:56]} Nf6 {[%clk 1:30:55]} 2. Nf3 {[%clk 1:31:10]} d5
{[%clk 1:31:05]} 3. c4 {[%clk 1:31:31]} e6 {[%clk 1:31:27]} 4. Nc3
{[%clk 1:31:48]} c6 {[%clk 1:31:50]} 5. cxd5 {[%clk 1:28:48]} exd5
{[%clk 1:31:56]} 6. Bg5 {[%clk 1:28:47]} Be7 {[%clk 1:31:47]} 7. e3
{[%clk 1:28:35]} Bf5 8. Bd3 {[%clk 1:25:04]} Ne4 {[%clk 1:23:03]} 9. Bxe7
{[%clk 1:21:56]} Qxe7 {[%clk 1:23:23]} 10. O-O {[%clk 1:21:36]} g5
{[%clk 1:17:43]} 11. Ne5 {[%clk 1:16:28]} Nd7 {[%clk 1:12:54]} 12. Bxe4
{[%clk 1:09:40]} dxe4 {[%clk 1:12:25]} 13. Nxd7 {[%clk 1:08:50]} Qxd7
{[%clk 1:12:00]} 14. f3 {[%clk 1:08:14]} Qe7 {[%clk 1:09:02]} 15. Qc2
{[%clk 1:02:08]} Bg6 {[%clk 1:02:50]} 16. fxe4 {[%clk 0:59:07]} O-O
{[%clk 1:03:08]} 17. Rae1 {[%clk 0:58:27]} Rae8 {[%clk 1:02:03]} 18. Qa4
{[%clk 0:44:56]} b5 {[%clk 1:00:15]} 19. Qa5 {[%clk 0:44:19]} Bxe4
{[%clk 1:00:13]} 20. Nxe4 {[%clk 0:44:11]} Qxe4 {[%clk 1:00:35]} 21. Qxa7
{[%clk 0:44:19]} Ra8 {[%clk 0:59:16]} 22. Qc5 {[%clk 0:44:28]} Rxa2
{[%clk 0:54:50]} 23. Qxg5+ {[%clk 0:44:35]} Qg6 {[%clk 0:55:06]} 24. Qxg6+
{[%clk 0:44:16]} fxg6 {[%clk 0:55:29]} 25. Re2 {[%clk 0:43:57]} Rxf1+
{[%clk 0:54:45]} 26. Kxf1 {[%clk 0:44:26]} Kf7 {[%clk 0:54:45]} 27. Rc2
{[%clk 0:44:44]} Ra6 {[%clk 0:53:46]} 28. Ke2 {[%clk 0:45:05]} Ke6
{[%clk 0:54:07]} 29. e4 {[%clk 0:45:03]} Kd6 {[%clk 0:53:20]} 30. Kd3
{[%clk 0:45:17]} Ra1 {[%clk 0:52:19]} 31. e5+ {[%clk 0:43:05]} Kd7
{[%clk 0:52:40]} 32. Kc3 {[%clk 0:39:02]} Rd1 {[%clk 0:51:04]} 33. Rf2
{[%clk 0:37:47]} Rc1+ {[%clk 0:50:07]} 34. Kd2 {[%clk 0:37:18]} Rb1
{[%clk 0:50:13]} 35. Kc2 {[%clk 0:37:39]} Re1 {[%clk 0:50:32]} 36. Rf7+
{[%clk 0:37:21]} Ke6 {[%clk 0:50:53]} 37. Rxh7 {[%clk 0:37:22]} Re2+
{[%clk 0:51:15]} 38. Kc3 {[%clk 0:37:46]} Rxg2 {[%clk 0:51:37]} 39. Rc7
{[%clk 0:36:51]} Rxh2 {[%clk 0:48:20]} 40. Rxc6+ {[%clk 0:37:33]} Kf5
{[%clk 0:47:26]} 41. Rf6+ {[%clk 0:36:55]} Ke4 {[%clk 0:47:31]} 42. Rxg6
{[%clk 0:33:41]} Rh3+ {[%clk 0:47:54]} 43. Kb4 {[%clk 0:34:01]} Kxd4
{[%clk 0:48:16]} 44. e6 {[%clk 0:34:21]} Rh5 {[%clk 0:44:57]} 45. e7
{[%clk 0:32:53]} Re5 {[%clk 0:45:10]} 46. Rg7 {[%clk 0:33:18]} Ke4
{[%clk 0:44:35]} 47. Rg1 {[%clk 0:27:25]} Kf5 {[%clk 0:44:37]} 48. Rf1+
{[%clk 0:27:37]} Kg6 {[%clk 0:44:59]} 49. b3 {[%clk 0:27:25]} Rxe7
{[%clk 0:43:42]} 50. Kxb5 {[%clk 0:27:47]} Rb7+ {[%clk 0:43:54]} 51. Kc4
{[%clk 0:27:35]} Rc7+ {[%clk 0:43:18]} 52. Kd5 {[%clk 0:27:31]} Rb7
{[%clk 0:38:12]} 53. Rb1 {[%clk 0:23:55]} Kf6 {[%clk 0:37:56]} 54. b4
{[%clk 0:24:17]} Ke7 {[%clk 0:38:11]} 55. Kc6 {[%clk 0:24:26]} Rb8
{[%clk 0:38:21]} 56. b5 {[%clk 0:24:15]} Rc8+ {[%clk 0:35:42]} 57. Kb7
{[%clk 0:24:20]} Rf8 {[%clk 0:35:42]} 58. Rd1 {[%clk 0:24:11]} Rf5
{[%clk 0:33:26]} 59. b6 {[%clk 0:24:03]} Rb5 {[%clk 0:33:11]} 60. Kc6
{[%clk 0:23:35]} Rb2 {[%clk 0:33:07]} 61. b7 {[%clk 0:21:56]} Rc2+
{[%clk 0:33:15]} 62. Kb6 {[%clk 0:22:20]} Rb2+ {[%clk 0:33:33]} 63. Kc7
{[%clk 0:22:40]} Rc2+ {[%clk 0:33:38]} 64. Kb8 {[%clk 0:23:05]} Rb2
{[%clk 0:33:17]} 65. Ra1 {[%clk 0:21:43]} Kd7 {[%clk 0:32:49]} 66. Ka8
{[%clk 0:21:10]} Kc7 {[%clk 0:32:41]} 67. Rc1+ {[%clk 0:21:36]} 1-0